IX международная научно-методическая конференция вузов и факультетов телекоммуникаций, 21 июня 2006 г. С.-Петербург (Запись № 431116)

Подробности
000 -МАРКЕР
контрольное поле 02222nam0a2200349 4500
001 - ИДЕНТИФИКАТОР ЗАПИСИ
контрольное поле RU\NLR\bibl\988506
005 - ИДЕНТИФИКАТОР ВЕРСИИ
контрольное поле 20260409075954.0
010 ## - МЕЖДУНАРОДНЫЙ СТАНДАРТНЫЙ НОМЕР КНИГИ (ISBN)
Номер (ISBN) 5-89160-049-8
Тираж 250
021 ## - НОМЕР ГОСУДАРСТВЕННОЙ РЕГИСТРАЦИИ
Код страны Российская Федерация
Номер 2006-49589
Номер Листа государственной регистраци 2454
035 ## - ДРУГИЕ СИСТЕМНЫЕ НОМЕРА
Идентификатор записи (NLR Aleph) 000976350
100 ## - ДАННЫЕ ОБЩЕЙ ОБРАБОТКИ
Данные общей обработки 20060928d2006 |||y0rusy50 ca
101 0# - ЯЗЫК РЕСУРСА
Язык текста, звукозаписи и т.д. русский
102 ## - СТРАНА ПУБЛИКАЦИИ ИЛИ ПРОИЗВОДСТВА
Страна публикации Российская Федерация
105 ## - ПОЛЕ КОДИРОВАННЫХ ДАННЫХ: ТЕКСТОВЫЕ МАТЕРИАЛЫ, МОНОГРАФИЧЕСКИЕ
Кодированные данные о монографическом текстовом документе a |||||||||
200 1# - ЗАГЛАВИЕ И СВЕДЕНИЯ ОБ ОТВЕТСТВЕННОСТИ
Основное заглавие IX международная научно-методическая конференция вузов и факультетов телекоммуникаций, 21 июня 2006 г. С.-Петербург
Сведения, относящиеся к заглавию сборник докладов
210 ## - ПУБЛИКАЦИЯ, РАСПРОСТРАНЕНИЕ И ДР.
Место издания, распространения и т.д. Москва
Имя издателя, распространителя и т. д. Санкт-Петербург
-- Санкт-Петербургский государственный университет телекоммуникаций
Дата издания, распространения и т.д. 2006
215 ## - ФИЗИЧЕСКАЯ ХАРАКТЕРИСТИКА
Специфическое обозначение материала и объем 309, [1] с.
Другие сведения о физической характеристике ил.
Размеры 22
300 ## - ОБЩИЕ ПРИМЕЧАНИЯ
Текст примечания В надзаг.: Федер. агентство по образованию, Федер. агентство связи, Учеб.-метод. об-ние высш. учеб. заведений РФ по образованию в обл. телекоммуникаций, С.-Петрб. гос. ун-т телекоммуникаций им. проф. М.А. Бонч-Бруевича
320 ## - ПРИМЕЧАНИЯ О НАЛИЧИИ В ДОКУМЕНТЕ БИБЛИОГРАФИИ / УКАЗАТЕЛЯ
Текст примечания Библиогр. в конце ст.
606 0# - НАИМЕНОВАНИЕ ТЕМЫ КАК ПРЕДМЕТ
Наименование темы Тележурналисты
Формальный подзаголовок Съезды, совещания и т.п.
Тематический подзаголовок Подготовка
Системный номер авторитетной/нормативной записи 2351106
Идентификатор авторитетной/нормативной записи RU\NLR\auth\661404619
606 0# - НАИМЕНОВАНИЕ ТЕМЫ КАК ПРЕДМЕТ
Наименование темы Радиожурналисты
Формальный подзаголовок Съезды, совещания и т.п.
Тематический подзаголовок Подготовка
Системный номер авторитетной/нормативной записи 2351108
Идентификатор авторитетной/нормативной записи RU\NLR\auth\661404620
606 ## - НАИМЕНОВАНИЕ ТЕМЫ КАК ПРЕДМЕТ
Наименование темы Образование
Тематический подзаголовок Информационные технологии
Формальный подзаголовок Съезды, совещания и т.п.
Идентификатор авторитетной/нормативной записи RU\NLR\auth\661575610
Системный номер авторитетной/нормативной записи 2103593
686 ## - ИНДЕКСЫ ДРУГИХ КЛАССИФИКАЦИЙ
Индекс Ч489.52я431
686 ## - ИНДЕКСЫ ДРУГИХ КЛАССИФИКАЦИЙ
Индекс Ч312.31я431
710 12 - НАИМЕНОВАНИЕ ОРГАНИЗАЦИИ - ПЕРВИЧНАЯ ОТВЕТСТВЕННОСТЬ
Код отношения Автор
Начальный элемент ввода Международная научно-методическая конференция вузов и факультетов телекоммуникаций
Порядковый номер временной организации и / или порядковый номер ее части 9
Дата проведения временной организации 2006
Место проведения временной организации Санкт-Петербург
Идентификатор авторитетной/нормативной записи RU\NLR\AUTH\8810087015
Системный номер авторитетной/нормативной записи 675710
801 #0 - ИСТОЧНИК ЗАПИСИ
Страна Российская Федерация
Организация NLR
Дата составления 20060928
Правила каталогизации rcr
801 #1 - ИСТОЧНИК ЗАПИСИ
Страна Российская Федерация
Организация NLR
Дата составления 20060928
942 ## - ДОПОЛНИТЕЛЬНЫЕ ЭЛЕМЕНТЫ ЗАПИСИ (АБИС)
Тип экземпляра АБИС Книга
980 ## - КОЛЛЕКЦИЯ
Название коллекции Национальная библиография
Экземпляры
Тип экземпляра Дата поступления Источник поступления Библиотека постоянного хранения Библиотека текущего хранения Место хранения Шифр хранения Штрих-код Статус экземпляра
Книга 28.09.2006 Обязательный экземпляр РНБ (Московский) РНБ (Московский) Русский книжный фонд: издания с 1957 года 2006-5/6634 2265790  
Книга 28.09.2006 Обязательный экземпляр РНБ (Московский) РНБ (Московский) Русский книжный фонд: издания с 1957 года 2006-5/6634 2265791